01383nam a2200301 u 4500001001000000003000400010005001700014008004100031040002500072082002100097100004600118245010600164260004300270300003100313490006900344490001800413500004200431500002100473600007800494651004200572830007800614830002700692942001400719952010700733952011300840952011300953999001501066000004727OSt20210205122233.0090725s1998 dr c r 001 0 spa d aDO-SdBNPbspacBNPHU a320.97293bC889p1 aCruz Almánzar, Amín C.,d1954-91375210aPresidente DR: Leonel Fernandez Reyna :bentre el discurso y los hechos /cAmín C. Cruz Almánzar. aSanto Domingo :bUniversitaria,c1998. a296 p. :bretrs. ;c21 cm.1 aPublicaciones de la Universidad Autónoma de Santo Domingov8611 aDiscursosv17 aIncluye datos biográficos del autor aIncluye índice10aFernández, Leonel, d1996-2000xProclamas y discursosy1996-2000913753 4aRepública DominicanaxHistoria9170 0aPublicaciones de la Universidad Autónoma de Santo Domingo ;n861913754 0aDiscursos ;n17913755 2ddccLBS1 0010718PDaPDbPDcCTd2009-07-25iLF1l0ov. 1p4727-10r2020-06-25w2020-06-25yLFPDZNo se presta 0010718PDaPDbPDcCTd2009-07-25iLF1l0ov. 1, e. 2p4727-20r2020-06-25w2020-06-25yLFPDZNo se presta 0010718PDaPDbPDcCTd2013-07-15iLF1l0ov. 1, e. 3p4727-30r2020-06-25w2020-06-25yLFPDZNo se presta c4533d4533